[Event "Bizkaia-ch Preferente"]
[Site "Bilbao"]
[Date "2012.10.20"]
[Round "1.8"]
[White "Marchena Hurtado, Javier"]
[Black "Cano Cavero, Alberto Javier"]
[Result "1-0"]
[WhiteElo "2056"]
[BlackElo "1882"]
[PlyCount "81"]
[EventDate "2012.10.20"]
[EventType "swiss"]
[EventRounds "6"]
[EventCountry "ESP"]
[SourceTitle "EXT 2024"]
[Source "ChessBase"]
[SourceDate "2023.10.10"]
[SourceVersion "1"]
[SourceVersionDate "2023.10.10"]
[SourceQuality "1"]

1. d4 Nf6 2. c4 e5 3. dxe5 Ng4 4. Bf4 g5 5. Bg3 Bg7 6. Nf3 Nc6 7. Qd5 Qe7 8. Nc3 Ngxe5 9. Nxe5 Nxe5 10. 0-0-0 c6 11. Qd4 f5 12. e3 0-0 13. Qd2 Qf7 14. c5 b6 15. f4 Ng6 16. fxg5 bxc5 17. Bd6 Re8 18. Bd3 Ne5 19. Rhf1 Nxd3+ 20. Qxd3 Bxc3 21. Qxc3 Ba6 22. Rf4 Qxa2 23. g6 Re4 24. gxh7+ Kxh7 25. Qxc5 Rc4+ 26. Qxc4 Qxc4+ 27. Rxc4 Bxc4 28. Kc2 Bd5 29. g3 a5 30. Kc3 Re8 31. Bf4 Re4 32. Rd4 Rxd4 33. exd4 a4 34. Kb4 Bb3 35. Kc5 Kg6 36. Kd6 Be6 37. Ke7 Kg7 38. h3 Kg6 39. h4 Kh5 40. Kf6 Kg4 41. Kg6 1-0